Statistics for Julia Roberts Movies: Multiple Choice

Click here to take the quiz!

General Stats

  • This quiz has been taken 665 times
  • The average score is 12 of 15

Answer Stats

QuestionAnswer% Correct
Which one?Pretty Woman
98%
Which one?Erin Brockovich
95%
Which one?Runaway Bride
95%
Which one?Notting Hill
92%
Which one?My Best Friend's Wedding
87%
Which one?Ocean's Twelve
86%
Which one?The Pelican Brief
84%
Which one?Mona Lisa Smile
83%
Which one?Steel Magnolias
82%
Which one?Mystic Pizza
80%
Which one?Eat Pray Love
74%
Which one?Flatliners
66%
Which one?Mirror Mirror
62%
Which one?Hook
60%
Which one?August: Osage County
44%

Score Distribution

Percentile by Number Answered

Percent of People with Each Score

Your Score History

You have not taken this quiz